LEADER 00934nam a2200241 i 4500 001 000000034254 003 CaOOAMICUS 005 20230414094658.0 008 070523s1941 it u000 u ita u 040 $aSeMil$bita 100 1 $aCian, Vittorio.$0(OLS)http://semarc/name/8094 245 10$aUmanesimo e Rinascimento /$cVittorio Cian. 264 1$aFirenze :$bLe Monnier,$c1941. 300 $a176 p. ;$c20 cm. 490 1 $aBiblioteca della rinascita ;$v2 650 4$aUmanesimo e Rinascimento.$0(OLS)http://semarc/subject/32016 830 0$aBiblioteca della rinascita ;$v2.$0(OLS)http://semarc/title/21637 850 $aSeMil 852 $aSeMil$W1$xVenegono$y1$m1O I 352$j239448$B409$CSeMilBibl$Z2$F409 $81 961 $aOmaggio: Altro 996 $6245$aUmanesimo e Rinascimento$9(OLS)http://semarc/title/1446 996 $6264$aFirenze :$bLe Monnier$9(OLS)http://semarc/publisher/30060 LEADER 01536nam a2200313 i 4500 001 000000346092 003 CaOOAMICUS 005 20210518111814.0 008 210518s2021 it m u000 u eng u 013 $a232224 020 $a978-88-465-1294-9 040 $aSeMil$bita 100 1 $aForbes, Cameron Alexander.$0(OLS)http://semarc/name/113906 245 14$aThe Augustinian foundations of the thought of Paul Ramsey on just war /$cCameron Alexander Forbes. 264 1$aCittą del Vaticano :$bLUP, Lateran University Press ;$aRoma :$bEditiones Academiae Alfonsianae,$c2021. 300 $a188 p. ;$c24 cm. 490 1 $aTesi ;$v7 504 $aBibliography, p. [177]-188 600 04$aAgostino, Aurelio .$0(OLS)http://semarc/subject/1856 600 14$aRamsey, Paul <1913-1988>.$0(OLS)http://semarc/subject/50419 650 4$aGuerra giusta .$0(OLS)http://semarc/subject/10318 830 0$aTesi Accademia Alfonsiana ;$v7.$0(OLS)http://semarc/title/24866 850 $aSeMil 852 $aSeMil$W1$xVenegono$y1$m2HA J 7$j230550$B237138$CSeMilBibl$Z2$F237138 $81 996 $6020$a978-88-465-1294-9$9(OLS)http://semarc/number/293240 996 $6245$aThe Augustinian foundations of the thought of Paul Ramsey on just war$9(OLS)http://semarc/title/435293 996 $6264$aCittą del Vaticano :$bLUP, Lateran University Press$9(OLS)http://semarc/publisher/32786 996 $6264$aRoma :$bEditiones Academiae Alfonsianae$9(OLS)http://semarc/publisher/49804